History Quiz

Random History or State Quiz
Score 0/24 Timer 07:00
2 Plays Today
1790 Rank (state) Place % Correct
1 (NY)New York, NY (city)
99.5%
3 (MA)Boston, MA (city)
96.8%
2 (PA)Philadelphia, PA (city)
95.7%
5 (MD)Baltimore, MD (city)
86.8%
4 (SC)Charleston, SC (city)
77.8%
9 (RI)Providence, RI (town)
77.7%
18 (VA)Richmond, VA (city)
64.6%
19 (NY)Albany, NY (city)
62.5%
23 (CT)Hartford, CT (city)
61.2%
17 (CT)New Haven, CT (city)
35.8%
20 (VA)Norfolk, VA (borough)
30.5%
7 (MA)Salem, MA (town)
28.7%
1790 Rank (state) Place % Correct
8 (RI)Newport, RI (town)
28%
22 (VA)Alexandria, VA (town)
19.5%
14 (NH)Portsmouth, NH (town)
13.7%
12 (MA)Gloucester, MA (town)
7.1%
6 (PA)Northern Liberties, PA (township)
6.6%
21 (VA)Petersburg, VA (town)
4.8%
10 (MA)Marblehead, MA (town)
4.1%
15 (MA)Sherburne, MA (town)
3.8%
10 (PA)Southwark, PA (district)
3.5%
13 (MA)Newburyport, MA (town)
2.5%
24 (NY)Hudson, NY (city)
2.3%
16 (MA)Middleborough, MA (town)
1%

You're not logged in!

Compare scores with friends on all Sporcle quizzes.
OR
Log In

Sporcle TV

Today on Sporcle TV


Watch our educational content, quiz creation guides, and fun videos on Sporcle TV.

Show Comments

Extras

Top Quizzes Today


Score Distribution

Paid Content

Your Account Isn't Verified!

In order to create a playlist on Sporcle, you need to verify the email address you used during registration. Go to your Sporcle Settings to finish the process.

Report this User

Report this user for behavior that violates our Community Guidelines.

Details: